000 00733cam a22002533a 4500
001 5985
003 PGUSA
005 20140828083127.0
008 040601s2004||||xxu|||||s|||||000 1 eng d
040 _aPGUSA
_beng
042 _adc
050 4 _aPQ
100 1 _aVoltaire,
_d1694-1778
245 1 0 _aZadig, รณ El Destino, Historia Oriental
_h[electronic resource] /
_cVoltaire
260 _bProject Gutenberg,
_c2004
506 _aPublic domain in the USA.
516 _aElectronic text
653 _aPolitical fiction, French
653 _aManners and customs -- Fiction
653 _aFrench literature -- 18th century
830 0 _aProject Gutenberg
_v5985
856 4 0 _uhttp://www.gutenberg.org/ebooks/5985
942 _cEB
999 _c235313
_d235313